La Representatividad de género de los partidos mayoritarios
En este artículo se comenta la cultura excluyente de los partidos políticos (aquí se mencionan los dos mayoritarios: el FMLN y Arena) con respecto a la participación y representación política de las mujeres y su acceso a cargos políticos de diputación u otros. /MSD
में बचाया:
| स्वरूप: | मूलपाठ |
|---|---|
| विषय: | |
| टैग: |
टैग जोड़ें
कोई टैग नहीं, इस रिकॉर्ड को टैग करने वाले पहले व्यक्ति बनें!
|
MARC
| LEADER | 00000 a a2200000 04500 | ||
|---|---|---|---|
| 001 | 6304 | ||
| 003 | |||
| 040 | |||
| 245 | |a La Representatividad de género de los partidos mayoritarios | ||
| 520 | |a En este artículo se comenta la cultura excluyente de los partidos políticos (aquí se mencionan los dos mayoritarios: el FMLN y Arena) con respecto a la participación y representación política de las mujeres y su acceso a cargos políticos de diputación u otros. /MSD | ||
| 650 | |a MUJERES | ||
| 650 | |a PARTIDOS POLITICOS | ||
| 650 | |a PARTICIPACION POLITICA | ||
| 773 | |g volumen 20, número 877; páginas 9-10 | ||
| 999 | |c 33814 |d 33814 | ||
